| 000 | 00711nmm a2200277 a 4500 | ||
|---|---|---|---|
| 003 | AR-BaBNM | ||
| 005 | 20251128211558.0 | ||
| 008 | 134120s1999 ||||||||||||||000 | spa|| | ||
| 020 | _a950-786-215-3 | ||
| 040 | _cAR-BaBNM | ||
| 100 | 1 | _aMaturo, Graciela | |
| 245 | 1 | 0 | _aMarechal, el camino de la belleza |
| 250 | _a1ª ed. | ||
| 260 |
_aBuenos Aires _bBiblos _c1999 |
||
| 300 | _a352 p. | ||
| 500 | _aContiene referencias bibliográficas | ||
| 650 | 4 | _aTEORIA LITERARIA | |
| 650 | 4 | _aLITERATURA ARGENTINA | |
| 650 | 4 | _aCRITICA LITERARIA | |
| 650 | 4 | _aFILOSOFIA LITERARIA | |
| 650 | 4 | _aESCRITORES | |
| 653 | _aESTUDIOS LITERARIOS | ||
| 655 | _aLITERATURA | ||
| 942 | _cBK | ||
| 998 | _cmartin | ||
| 999 |
_c20280 _d20280 |
||